Statistics for Countries Bordering the Congo

Click here to take the quiz!

General Stats

  • This quiz has been taken 205 times
    (175 since last reset)
  • The average score is 9 of 10

Answer Stats

Country% Correct
Angola
96%
Burundi
94%
Central African Republic
94%
Cameroon
93%
Zambia
93%
Rwanda
92%
Gabon
90%
Tanzania
90%
Uganda
90%
South Sudan
85%

Score Distribution

Percentile by Number Answered

Percent of People with Each Score

Your Score History

You have not taken this quiz since the last reset